Statistiche per Quiz sulla mappa dell'Europa in ucraino

Clicka qui per fare il quiz!

Statistiche generali

  • Questo quiz è stato fatto 5 volte
  • Il punteggio medio è 14 su 45

Risposte nella Mappa

Le risposte nella mappa del quiz sottostante sono codificate secondo una scala di colori dal rosso al verde in base alla % di persone che hanno risposto correttamente.
 

Statistiche sulle risposte

Risposta% Corretto
Монако
80%
Росія
80%
Косово
80%
Італія
80%
Естонія
80%
Сан-Марино
80%
Мальта
60%
Словенія
60%
Ісландія
60%
Норвегія
60%
Андорра
60%
Північна
Македонія
60%
Боснія і
Герцеговина
60%
Сербія
40%
Словаччина
40%
Україна
40%
Молдова
40%
Австрія
40%
Болгарія
40%
Ірландія
40%
Ватикан
20%
Білорусь
20%
Люксембург
20%
Португалія
20%
Франція
20%
Литва
20%
Швейцарія
20%
Албанія
20%
Ліхтенштейн
20%
Латвія
20%
Угорщина
0%
Чехія
0%
Чорногорія
0%
Фінляндія
0%
Хорватія
0%
Румунія
0%
Бельгія
0%
Греція
0%
Данія
0%
Польща
0%
Іспанія
0%
Німеччина
0%
Нідерланди
0%
Швеція
0%
Об'єднане
Королівство
0%

Distribuzione punteggi

Percentile per numero di risposta

Percentuale di utenti per punteggio

I tuoi punteggi nel tempo

Non hai fatto questo quiz